000 00408nam a2200169Ia 4500
005 20250423100139.0
008 250422s9999 xx 000 0 und d
020 _a0- 7600- 1147- 8
050 _aQA 76.3 .E36/
100 _aMichael V. Ekedahl
245 0 _aMCSD Visual Basic 6 : advanced topics
260 _aCanada
260 _bCourse Technology
260 _c2000
300 _a959 p
942 _cBK
999 _c32422
_d32422